A. WESLEY POWELL LEARNING RESOURCE CENTRE (WPLRC)

Wonderful Place to Learn, Research & Collaborate

Competitiveness in Small Developing Economies (Record no. 15239)

MARC details
000 -LEADER
fixed length control field nam a22 4500
001 - ACCESSION NUMBER
control field 33810
003 - CONTROL NUMBER IDENTIFIER
control field 00
005 - DATE AND TIME OF LATEST TRANSACTION
control field 20210617143718.0
007 - PHYSICAL DESCRIPTION FIXED FIELD--GENERAL INFORMATION
fixed length control field 00
008 - FIXED-LENGTH DATA ELEMENTS--GENERAL INFORMATION
fixed length control field 00
020 ## - INTERNATIONAL STANDARD BOOK NUMBER
International Standard Book Number 976 640 132-2
040 ## - CATALOGING SOURCE
Original cataloging agency 00
Transcribing agency 00
082 ## - DEWEY DECIMAL CLASSIFICATION NUMBER
Classification number 338.6/WIN
245 ## - TITLE STATEMENT
Title Competitiveness in Small Developing Economies
Remainder of title Insights from the Caribbean
Statement of responsibility, etc. Wint, Alvin G.
260 ## - PUBLICATION, DISTRIBUTION, ETC. (IMPRINT)
Place of publication, distribution, etc. Jamaica
Name of publisher, distributor, etc. The University of the West Indies Press
Date of publication, distribution, etc. 2003
300 ## - PHYSICAL DESCRIPTION
Extent 23.8 cm
942 ## - ADDED ENTRY ELEMENTS (KOHA)
Source of classification or shelving scheme Dewey Decimal Classification
Koha item type Circ Books
Classification part 338.6/WIN
Item part 33810
Holdings
Withdrawn status Lost status Source of classification or shelving scheme Damaged status Not for loan Home library Current library Date acquired Total Checkouts Full call number Barcode Date last seen Price effective from Koha item type
    Dewey Decimal Classification     Wesley Powell Learning Resource Centre Wesley Powell Learning Resource Centre 01/19/2021   338.6/WIN 976 640 132-2 01/19/2021 01/19/2021 Circ Books
    Dewey Decimal Classification     Wesley Powell Learning Resource Centre Wesley Powell Learning Resource Centre 06/17/2021   338.6/WIN 33810 06/17/2021 06/17/2021 Circ Books